000 00450nam a2200169 4500
001 VA34198
003 ES-SlBCS
005 20210601154401.0
008 140520s1965 xxu||||| |||| 00| 0 spa d
041 _aspa
100 1 _aPascual de Aguilar, Juan Antonio
_9224591
245 1 0 _aCristianos de hoy
_cJuan Antonio Pascual De Aguilar
260 _aMadrid :
_bStudium
_c, 1965
300 _a162 p.;
_c18 cm
650 _aCristianos
_988999
942 _cBK
999 _c804004
_d804004